000 01494nab a2200229 i 4500
001 768714001
003 CO-MdFUSB
005 20240609113406.0
008 240604t1976 ag ||||| |||| 00| 0 spa d
040 _bspa
_cCO-MdFUSB
_dCO-MdFUSB
041 _aspa
100 _aTon, Josef,
_eautor
245 1 _aManifiesto a la sociedad socialista :
_bel hombre nuevo y los mitos marxistas
_c/ Josef Ton
520 _aUn tema importante en los discursos políticos y académicos es la integración del cristianismo con el socialismo. A pesar de que la constitución del país garantiza la libertad religiosa de sus ciudadanos y que catorce grupos religiosos respetan la ley, el debate no se resolverá. No sólo está relacionado con la ley, sino también con cuestiones políticas e ideológicas. Es esencial una discusión teórica que destaque los aspectos políticos e ideológicos de la religión, particularmente el cristianismo, en un Estado socialista. Este artículo pretende ofrecer una visión clara y concisa de estos componentes, que nos ayudará a iniciar un replanteamiento de este tema.
630 0 _aCristianismo y Sociedad
650 7 _aCristianismo
_922
650 7 _aTeología de la liberación
_9449
650 0 _aCristianismo y política
_91250
773 0 _069974
_982718
_dBuenos Aires
_oR2610
_tCerteza
_w(CO-MdFUSB)768714001
_gNúmero 63, (julio - septiembre, 1976) páginas: 198 - 203
_qpágina: 198
942 _cANA
945 _aCatherine Arias Álvarez - Practicante SENA
999 _c70040
_d70040